000 00343nam a2200133Ia 4500
005 20260326235454.0
008 260326s9999||||xx |||||||||||||| ||und||
100 _aChueca Goitia, Fernando
245 0 _aBreve Historia del Urbanismo /
_cFernando Chueca Goitia
260 _bAlianza
300 _a241 p.
650 _aDISEÑO URBANO
942 _cBK
999 _c7884
_d7884